<?xml version="1.0" encoding="UTF-8"?>
<collection xmlns="http://www.loc.gov/MARC21/slim">
<record>
  <controlfield tag="001">151510</controlfield>
  <controlfield tag="005">20251017144640.0</controlfield>
  <datafield tag="024" ind1="7" ind2=" ">
    <subfield code="2">doi</subfield>
    <subfield code="a">10.3390/app15052600</subfield>
  </datafield>
  <datafield tag="024" ind1="8" ind2=" ">
    <subfield code="2">sideral</subfield>
    <subfield code="a">143157</subfield>
  </datafield>
  <datafield tag="037" ind1=" " ind2=" ">
    <subfield code="a">ART-2025-143157</subfield>
  </datafield>
  <datafield tag="041" ind1=" " ind2=" ">
    <subfield code="a">eng</subfield>
  </datafield>
  <datafield tag="100" ind1=" " ind2=" ">
    <subfield code="a">Egaña, Fernando</subfield>
  </datafield>
  <datafield tag="245" ind1=" " ind2=" ">
    <subfield code="a">Generalising the Machine Tool Integrated Inverse Multilateration Method for the Ambient Thermal Error Analysis of Large Machine Tools in Industrial Environments</subfield>
  </datafield>
  <datafield tag="260" ind1=" " ind2=" ">
    <subfield code="c">2025</subfield>
  </datafield>
  <datafield tag="506" ind1="0" ind2=" ">
    <subfield code="a">Access copy available to the general public</subfield>
    <subfield code="f">Unrestricted</subfield>
  </datafield>
  <datafield tag="520" ind1="3" ind2=" ">
    <subfield code="a">This study expands on prior research by generalising the machine tool integrated inverse multilateration methodology to evaluate ambient thermal effects on medium- and large-sized machine tools in industrial environments. This method integrates an absolute distance measurement device into the machine tool spindle, enabling an automated and robust multilateration scheme without requiring controlled environments, expensive thermal instruments, or specialised artifacts. Tests were conducted using a LEICA AT960™ laser tracker and wide-angle retro-reflectors (both from Hexagon Manufacturing Intelligence, Stockholm, Sweden) across two machine architectures, THERA™ (gantry type) and ZERO™ (bed type), building on earlier work with the ARION G™ (bridge type), all of them MTs manufactured by Zayer (Vitoria, Spain). Sequential experiments in varying ambient conditions demonstrated the reliability of the machine tool integrated inverse multilateration approach over extended periods, showing strong correlations between the measured errors and temperature variations. The results were validated using a first-order mathematical model and finite element method simulations, confirming thermal error evolution as a function of ambient temperature changes. This method’s adaptability to diverse machine architectures and industrial conditions highlights its potential for characterising and mitigating thermal errors in large machine tools. This work underscores the method’s effectiveness and utility for advancing thermal error analysis in practical manufacturing settings.</subfield>
  </datafield>
  <datafield tag="540" ind1=" " ind2=" ">
    <subfield code="9">info:eu-repo/semantics/openAccess</subfield>
    <subfield code="a">by</subfield>
    <subfield code="u">https://creativecommons.org/licenses/by/4.0/deed.es</subfield>
  </datafield>
  <datafield tag="655" ind1=" " ind2="4">
    <subfield code="a">info:eu-repo/semantics/article</subfield>
    <subfield code="v">info:eu-repo/semantics/publishedVersion</subfield>
  </datafield>
  <datafield tag="700" ind1=" " ind2=" ">
    <subfield code="a">Mutilba, Unai</subfield>
  </datafield>
  <datafield tag="700" ind1=" " ind2=" ">
    <subfield code="a">Yagüe-Fabra, José A.</subfield>
    <subfield code="u">Universidad de Zaragoza</subfield>
    <subfield code="0">(orcid)0000-0001-7152-4117</subfield>
  </datafield>
  <datafield tag="700" ind1=" " ind2=" ">
    <subfield code="a">Chekh, B. Ahmed</subfield>
  </datafield>
  <datafield tag="700" ind1=" " ind2=" ">
    <subfield code="a">Lopez, Susana</subfield>
  </datafield>
  <datafield tag="710" ind1="2" ind2=" ">
    <subfield code="1">5002</subfield>
    <subfield code="2">515</subfield>
    <subfield code="a">Universidad de Zaragoza</subfield>
    <subfield code="b">Dpto. Ingeniería Diseño Fabri.</subfield>
    <subfield code="c">Área Ing. Procesos Fabricación</subfield>
  </datafield>
  <datafield tag="773" ind1=" " ind2=" ">
    <subfield code="g">15, 5 (2025), 2600 [25 pp.]</subfield>
    <subfield code="p">Appl. sci.</subfield>
    <subfield code="t">Applied Sciences (Switzerland)</subfield>
    <subfield code="x">2076-3417</subfield>
  </datafield>
  <datafield tag="856" ind1="4" ind2=" ">
    <subfield code="s">12782015</subfield>
    <subfield code="u">http://zaguan.unizar.es/record/151510/files/texto_completo.pdf</subfield>
    <subfield code="y">Versión publicada</subfield>
  </datafield>
  <datafield tag="856" ind1="4" ind2=" ">
    <subfield code="s">2702323</subfield>
    <subfield code="u">http://zaguan.unizar.es/record/151510/files/texto_completo.jpg?subformat=icon</subfield>
    <subfield code="x">icon</subfield>
    <subfield code="y">Versión publicada</subfield>
  </datafield>
  <datafield tag="909" ind1="C" ind2="O">
    <subfield code="o">oai:zaguan.unizar.es:151510</subfield>
    <subfield code="p">articulos</subfield>
    <subfield code="p">driver</subfield>
  </datafield>
  <datafield tag="951" ind1=" " ind2=" ">
    <subfield code="a">2025-10-17-14:31:25</subfield>
  </datafield>
  <datafield tag="980" ind1=" " ind2=" ">
    <subfield code="a">ARTICLE</subfield>
  </datafield>
</record>
</collection>